000 00285nam a22001337a 4500
008 180316b xxu||||| |||| 00| 0 eng d
020 _asam8743591
041 _aeng
080 _a941
100 _a16
101 _aHIS
245 _aThe American Republic
_cAppleby
942 _2udc
_cBK
999 _c45250
_d45250